From script to stage in early modern England

This collection brings together a group of distinguished and original theater historians engaged in rethinking the nature of early modern theater history as a discipline. Whether focusing on the relation between scripts and performance practice, the structure of theatrical companies, the social dime...

Täydet tiedot

Tallennettuna:
Bibliografiset tiedot
Päätekijä: Holland, Peter
Aineistotyyppi: Kirja
Kieli:Undetermined
Julkaistu: New York, N.Y. Palgrave Macmillan 2004
Aiheet:
Tagit: Lisää tagi
Ei tageja, Lisää ensimmäinen tagi!
Thư viện lưu trữ: Trung tâm Học liệu Trường Đại học Cần Thơ
LEADER 01195nam a2200241Ia 4500
001 CTU_116374
008 210402s9999 xx 000 0 und d
020 |c 361000 
082 |a 792.0941 
082 |b H734 
100 |a Holland, Peter 
245 0 |a From script to stage in early modern England 
245 0 |c Edited by Peter Holland, Stephen Orgel 
260 |a New York, N.Y. 
260 |b Palgrave Macmillan 
260 |c 2004 
520 |a This collection brings together a group of distinguished and original theater historians engaged in rethinking the nature of early modern theater history as a discipline. Whether focusing on the relation between scripts and performance practice, the structure of theatrical companies, the social dimensions of drama, or the archaeology of the stage, all are concerned with basic questions of evidence and interpretation, and offer significant, and often startling, revisions of our view of the early modern theater. 
650 |a Theater,Theater 
650 |x History,History 
650 |y 16th century,17th century 
650 |z Great Britain,Great Britain 
904 |i Hiếu 
980 |a Trung tâm Học liệu Trường Đại học Cần Thơ